Quizzes
Events
Quiz Creation
Community
Videos
Private Events
Remove Ads
Sign In
Join for FREE
Feedback
Dark Mode
Quiz Categories
Sports
Geography
Music
Movies
Television
Just For Fun
Miscellaneous
History
Literature
Language
Science
Gaming
Entertainment
Religion
Holiday
For Kids
Quiz Lab
Recent
Popular Today
Quiz Kudos Today
Editor Picks
Curator Picks
Quizzes by...
Day
Popularity
Type
Ratings
Length
Year
Community
Subscriptions
Recent Discussions
Orange Saloon
Badges
Playlists
Quests
Create
Leaderboards
Showdown
Live 5
Trivia Bingo
Activity
Puzzle Library
Sporcle Events
Private Events
Virtual Trivia
Globe League
Become a Host
Pub Owners
SporcleCon
Opinionation
Our Games
Videos
Blog
Mobile Apps
Partnerships
Remove Ads and Go Orange
Feedback
Sports
Athletes
MLB
NBA
NHL
NFL
Soccer
Sports Teams
WWE
NCAA
Football
Premier League
Basketball
Baseball
Hockey
Golf
Tennis
Cricket
Rugby
Auto Racing
Olympics
World Cup
Sports
Athletes
MLB
NBA
NHL
NFL
Soccer
Sports Teams
WWE
NCAA
Football
Premier League
Basketball
Baseball
Hockey
Golf
Tennis
Cricket
Rugby
Auto Racing
Olympics
World Cup
Random Quiz
Search Sporcle
×
Quiz Lab
Quiz Lab
Sports
nebraska
Type in answers that appear in a list
Type in answers that appear in a list
Classic
Best Score? Go Orange.
Nebraska Bowl Games Stats
Can you name the Nebraska's Bowl Game Opponents?
By
impy1man
5m
44 Questions
774 Plays
774 Plays
774 Plays
Comments
Comments
Give Quiz Kudos
Give Quiz Kudos
-
- Ratings
hide this ad
Replay
Link that replays current quiz
Next Quiz
Link to next quiz in quiz playlist
You Got
0%
They Got
Avg Score
81%
Avg Friend Score
Upgrade to see
Score Distribution
Jump to the score distribution portion of the page
Score
0/44
Timer
05:00
0
Plays Today
Year and Bowl
Answer
% Correct
1974 Sugar
Florida
98.2%
1996 Fiesta
Florida
98.2%
1962 Gotham
Miami
97%
1984 Orange
Miami
97%
1989 Orange
Miami
97%
1992 Orange
Miami
97%
1995 Orange
Miami
97%
2002 Rose
Miami
97%
1986 Fiesta
Michigan
93.5%
2005 Alamo
Michigan
93.5%
1988 Fiesta
Florida St
91.9%
1990 Fiesta
Florida St
91.9%
1993 Orange
Florida St
91.9%
1994 Orange
Florida St
91.9%
1974 Cotton
Texas
88.6%
1998 Orange
Tennessee
88.2%
1966 Orange
Alabama
88.1%
1967 Sugar
Alabama
88.1%
1972 Orange
Alabama
88.1%
1998 Holiday
Arizona
85.5%
1982 Orange
Clemson
84.2%
2009 Gator
Clemson
84.2%
Year and Bowl
Answer
% Correct
1969 Sun
Georgia
84.1%
1971 Orange
LSU
83.5%
1983 Orange
LSU
83.5%
1985 Sugar
LSU
83.5%
1987 Sugar
LSU
83.5%
1964 Orange
Auburn
81.7%
2007 Cotton
Auburn
81.7%
1979 Orange
Oklahoma
80.7%
2003 Alamo
Michigan St
80.7%
2002 Independence
Mississippi
76.5%
1996 Orange
Virginia Tech
69.9%
1975 Fiesta
Arizona St
69.6%
2000 Alamo
Northwestern
69.4%
1991 Citrus
Georgia Tech
68.7%
1973 Orange
Notre Dame
68.3%
1941 Rose
Stanford
67.7%
1965 Cotton
Arkansas
63%
1976 Astro Bluebonnett
Texas Tech
60.6%
1977 Liberty
North Carolina
52.2%
1980 Sun
Mississippi St
47.2%
1980 Cotton
Houston
41.6%
1955 Orange
Duke
41.5%
Quiz Playlist
Details
Report
Send in Message
Add To Playlist
Classic:
Type in answers that appear in a list
Last Updated: Feb 16, 2017
Quiz Scoreboard
CHALLENGE
Sign Up to Join the Scoreboard
Show All
Scores
Hide
Comments
May contain spoilers
Recently Published
Presidents Visiting Landmarks
by Hejman
History
7m
An Introduction to Baseball
by treessimontrees
Sports
5m
Movies - When Are They Set?
by FPL_Elf
Movies
5m
More to Explore
Quiz From the Vault
Featured Blog Post
Where Did the Easter Bunny Come From?
hide this ad
You Might Also Like...
Tags
Bowl
nebraska
opponent
Today's Top Quizzes in Sports
Browse Sports
hide this ad
Top Contributed Quizzes in Sports
1
Les meilleurs buteurs des matchs entre le PSG et l’OM
2
2022 World Cup Stars
3
FIFA Club World Cup Champions
4
Les entraîneurs de l'OM et du PSG au 21e siècle
5
Name the Premier League winners with different clubs
6
La finale Lions - Afrique du Sud 2021
7
5-to-1: UK Sports Teams
8
England Test cricketers to play under Nasser Hussain
9
Players with Multiple 50 Home Run Seasons
10
AFC Teams Reveal (Wrong Answers Minefield)
Explore More
Trending Topics
NBA
Disney
Kpop
Harry Potter
Crossword
Marvel
Anime
Song
The Office
Puzzle
Country
NFL
Soccer
Pokémon
WWE
hide this ad
More By:
impy1man
Quiz
Plays
Rating
Category
Featured
Created
Nebraska Bowl Games
774
4.40
Sports
Dec 2, 2009
sports movie quotes
265
1.00
Movies
Dec 2, 2009
Go to Creator's Profile
Score Distribution
Quiz Creator Spotlight
impy1man
Follow
Send a Message
Quizzes Created
-
Created Quiz Play Count
-
More By This Creator
Popular Quizzes Today
1
Find the US States - No Outlines Minefield
2
Find the Countries of Europe - No Outlines Minefield
3
The Countries of the World
4
Find the US States
5
Popular People in 1961
6
US States
7
Risky Map Clicking: Biggest States A-Z
8
1-10 Letter E Words III
More Sports Quizzes
30-second 2003 Royal Rumble picture click
Quiz Lab
Trending Quizzes
Risky Map Clicking: Least Populous States A-Z
1-10 Letter G Words
1-10 Letter F Words
Risky Map Clicking: Next State Alphabetically
Risky Map Clicking: Biggest States A-Z
Recently Updated
Leaping Animals
pecheneg
Reality TV Shows (A-Z)
bhenderson79
Rickey Henderson's Hall of Fame Teammates
pecheneg
Champions League XIs: Arsenal
pecheneg
Quick Pick: Celebrities in WWE's Hall of Fame
aduchscher
A-Z Keypad Blitz II
pecheneg
Multiple Oscar Actors
pecheneg
Mystery Phrase Blitz: Oscar 'Best Actors'
pecheneg
F. Scott Fitzgerald Novels
LTH
Pick 3 Villains
ddd62291
Trending Topics
Kpop
Disney
Marvel
Harry Potter
Crossword
Anime
NBA
WWE
Pokémon
Country
Song
The Office
NFL
Puzzle
Soccer
Your Account Isn't Verified!
In order to create a playlist on Sporcle, you need to verify the email address you used during registration. Go to your
Sporcle Settings
to finish the process.
Report this User
Report this user for behavior that violates our
Community Guidelines
.
Details:
Send Report
Go to the Sporcle.com Mobile Site →
Comments